000 00975nam a2200265Ia 4500
003 OSt
005 20220923222218.0
006 a|||||r|||| 00| 0
007 ta
008 220922b |||||||| |||| 00| 0 hin d
024 _a203,755
037 _cTextual
040 _aARTS
_cARTS
_bhin
041 _2hin
_ahin
082 _aO157,6M61x, 152N0.1-.2
100 _aटैगोर, रवीन्द्रनाथ; नखणे, विश्वनाथ, अनु.
_9166332
245 0 _aनिबंध
246 _aNibandha
250 _aसंस्क 3
260 _aनई दिल्ली
_b साहित्य अकादमी
_c1990
300 _a562पृ. 509पृ.
_ccm.
650 _aबंगाली साहित्य
_9156264
942 _hO157,6M61x, 152N0.1-.2
_cTEXL
_2CC
999 _c354505
_d354505